000 00563nam a22001697a 4500
003 OSt
005 20260408113806.0
008 260408b |||||||| |||| 00| 0 eng d
040 _cMRSPTU
041 _aEnglish
100 _aDhriti Sharma, Supervisor: Dr. Kawaljit Singh Sandhu
245 _aDevelopment of Hibiscus Ice Candies and Detox Hibiscus Tea
260 _bDepartment of Food Science & Technology, MRSPTU, Bathinda
_c2022
650 _a Food Science & Technology
856 _uhttp://163.47.215.52:8080/jspui/handle/123456789/504
942 _2ddc
_cTH
_n0
999 _c11394
_d11394